[Event "NCL967 Na Fianna-Richmond"]
[Site "Rd9"]
[Date "1997.??.??"]
[Round "9.7"]
[White "Galloway, Iain"]
[Black "O'Siochru, Mairead"]
[Result "0-1"]
[WhiteElo "2135"]
[BlackElo "1880"]
[PlyCount "90"]
[EventDate "1997.03.22"]
[Source "J.Saunders"]
[SourceDate "1998.06.06"]

1. e4 c6 2. d4 d5 3. e5 Bf5 4. Ne2 e6 5. Ng3 Bg6 6. Nd2 c5 7. h4 h6 8. h5 Bh7
9. c3 Nc6 10. Qb3 Qb6 11. dxc5 Bxc5 12. Qxb6 Bxb6 13. f4 Nge7 14. Nf3 O-O 15.
b4 a6 16. Ke2 d4 17. Bd2 Rfd8 18. c4 d3+ 19. Ke1 Nd4 20. Nxd4 Bxd4 21. Rb1 Rac8
22. c5 b6 23. cxb6 Bxb6 24. Rc1 Rxc1+ 25. Bxc1 Nd5 26. Bd2 Ne3 27. Rh3 Nc2+ 28.
Kd1 Be3 29. f5 Bxd2 30. Kxd2 Nxb4 31. Rh4 Nc6 32. Ra4 Nxe5 33. fxe6 fxe6 34.
Rxa6 Nc4+ 35. Kd1 Rb8 36. Ke1 Rb1+ 37. Kf2 e5 38. Rc6 Nd2 39. Rc8+ Kf7 40. Rh8
Nxf1 41. Nxf1 Be4 42. g4 Rb2+ 43. Ke1 Bf3 44. Rd8 Re2+ 45. Kd1 Rxa2+ 0-1

[Event "NCL967 SW Dragons-Slough"]
[Site "Rd9"]
[Date "1997.03.22"]
[Round "9.1"]
[White "Adams, Michael"]
[Black "Botterill, George"]
[Result "1-0"]
[WhiteElo "2685"]
[BlackElo "2370"]
[PlyCount "75"]
[EventDate "1997.03.22"]
[Source "J.Saunders"]
[SourceDate "1998.06.06"]

1. e4 e6 2. d4 d5 3. Nd2 c5 4. Ngf3 Nc6 5. dxc5 Bxc5 6. Bd3 Nf6 7. Qe2 Nb4 8.
e5 Nd7 9. Nb3 Nxd3+ 10. cxd3 Be7 11. h4 h6 12. Nfd4 Nc5 13. Rh3 Nxb3 14. Nxb3
g6 15. h5 g5 16. Be3 b6 17. Bd4 Qd7 18. O-O-O a5 19. Kb1 a4 20. Nc1 Qb5 21. f4
gxf4 22. Qf2 a3 23. b3 Bc5 24. Bxc5 bxc5 25. Qxf4 Bb7 26. Rf3 Rh7 27. Qg4 Kd7
28. Rdf1 Rf8 29. Rf6 d4 30. Rxe6 fxe6 31. Rxf8 Qb4 32. Qg8 Re7 33. Rd8+ Kc7 34.
Rd6 Rd7 35. Qxe6 Qc3 36. Qxd7+ Kb8 37. Qd8+ Bc8 38. Rb6+ 1-0

[Event "NCL967 SW Dragons-Slough"]
[Site "Rd9"]
[Date "1997.03.22"]
[Round "9.2"]
[White "Morris, Charles"]
[Black "Miles, Anthony"]
[Result "1/2-1/2"]
[WhiteElo "2215"]
[BlackElo "2630"]
[PlyCount "99"]
[EventDate "1997.03.22"]
[Source "J.Saunders"]
[SourceDate "1998.06.06"]

1. c4 e5 2. Nc3 Nf6 3. g3 Nc6 4. Bg2 Bc5 5. e3 d5 6. Nxd5 Nxd5 7. Bxd5 Nb4 8.
Be4 f5 9. a3 Nd3+ 10. Bxd3 Qxd3 11. Qe2 Qb3 12. d4 Bb6 13. Nf3 Ba5+ 14. Kf1 e4
15. Ne5 O-O 16. Kg2 c5 17. Qd1 Qb6 18. b4 cxb4 19. axb4 Bxb4 20. Qb3 Bc5 21.
Qa2 Qe6 22. Rd1 f4 23. exf4 Qh3+ 24. Kg1 Bd6 25. c5+ Be6 26. d5 Bxe5 27. dxe6
Bf6 28. Rb1 Rfe8 29. Rxb7 Qxe6 30. Qxe6+ Rxe6 31. Ba3 e3 32. fxe3 Rxe3 33. Bb2
Bxb2 34. Rxb2 Re7 35. c6 Rc7 36. Rb7 Rxc6 37. Rdd7 Rg6 38. Kg2 a5 39. Kf3 h5
40. h3 Rc8 41. Rd3 Rgc6 42. Ra7 Rc3 43. Ke3 R8c5 44. Kd2 Rxd3+ 45. Kxd3 Rb5 46.
Kc3 Kh7 47. Ra6 Rf5 48. h4 Rb5 49. Kc2 Kg8 50. Ra7 1/2-1/2

[Event "NCL967 SW Dragons-Slough"]
[Site "Rd9"]
[Date "1997.03.22"]
[Round "9.3"]
[White "Lalic, Bogdan"]
[Black "Zeidler, Sven"]
[Result "1-0"]
[WhiteElo "2565"]
[BlackElo "2265"]
[PlyCount "51"]
[EventDate "1997.03.22"]
[Source "J.Saunders"]
[SourceDate "1998.06.06"]

1. e4 d5 2. exd5 Qxd5 3. Nc3 Qa5 4. Nf3 Nf6 5. h3 Nc6 6. Bb5 Bd7 7. O-O e6 8.
d4 Bb4 9. Bd3 Bxc3 10. bxc3 Qxc3 11. Rb1 Nxd4 12. Ne5 Nc6 13. Nc4 Qd4 14. Rxb7
Rb8 15. Rxb8+ Nxb8 16. Ba3 Nd5 17. Qb1 Nc6 18. Qb7 f5 19. Rb1 Nd8 20. Qa6 Nb6
21. Qxa7 Nc6 22. Qxc7 Nxc4 23. Bxc4 Kf7 24. Rb7 Ne5 25. Bb2 Qd1+ 26. Bf1 1-0

[Event "NCL967 SW Dragons-Slough"]
[Site "Rd9"]
[Date "1997.03.22"]
[Round "9.4"]
[White "James, David J"]
[Black "Hennigan, Michael"]
[Result "1/2-1/2"]
[WhiteElo "2260"]
[BlackElo "2450"]
[PlyCount "83"]
[EventDate "1997.03.22"]
[Source "J.Saunders"]
[SourceDate "1998.06.06"]

1. d4 Nf6 2. c4 g6 3. Nc3 Bg7 4. e4 d6 5. f3 O-O 6. Bg5 Nc6 7. Nge2 a6 8. Qd2
Rb8 9. d5 Ne5 10. Nd4 c5 11. Nc2 b5 12. cxb5 axb5 13. Bxb5 Bd7 14. a4 Bxb5 15.
axb5 Nfd7 16. Na3 c4 17. O-O Nc5 18. Qe2 Nb3 19. Rad1 Qc7 20. f4 Nd3 21. Kh1
Rfc8 22. f5 Rb7 23. f6 exf6 24. Bxf6 Bxf6 25. Rxf6 Qe7 26. Rff1 Ne5 27. Nc2 Qh4
28. Ne1 Ng4 29. h3 Ne5 30. Nf3 Nxf3 31. Qxf3 Qg5 32. Qf6 Qxf6 33. Rxf6 Rd8 34.
Re1 Nc5 35. Ra1 Re7 36. b6 Kg7 37. Rff1 Rb8 38. Ra7 Kf8 39. e5 Rxb6 40. Rxe7
Kxe7 41. exd6+ Rxd6 42. Rf4 1/2-1/2

[Event "NCL967 SW Dragons-Slough"]
[Site "Rd9"]
[Date "1997.03.22"]
[Round "9.5"]
[White "Summerscale, Aaron"]
[Black "Spice, Alan"]
[Result "1-0"]
[WhiteElo "2500"]
[BlackElo "2210"]
[PlyCount "57"]
[EventDate "1997.03.22"]
[Source "J.Saunders"]
[SourceDate "1998.06.06"]

1. d4 e6 2. c4 f5 3. g3 Nf6 4. Bg2 Be7 5. Nf3 d6 6. b3 O-O 7. Bb2 Qe8 8. O-O
Bd8 9. Nbd2 Nc6 10. Re1 e5 11. dxe5 dxe5 12. e4 fxe4 13. Nxe4 Qh5 14. Nxe5 Ng4
15. Qd5+ Kh8 16. Nxg4 Qxg4 17. Nc5 Be7 18. Nd3 Bf5 19. Ne5 Nxe5 20. Qxe5 Bd6
21. Qc3 Rae8 22. c5 Be7 23. Bxb7 Bf6 24. Qd2 Rxe1+ 25. Rxe1 Bxb2 26. Qxb2 Qb4
27. Re7 Rg8 28. Bd5 Qxc5 29. Qxg7+ 1-0

[Event "NCL967 SW Dragons-Slough"]
[Site "Rd9"]
[Date "1997.03.22"]
[Round "9.6"]
[White "Richmond, Peter"]
[Black "Webb, Richard"]
[Result "1/2-1/2"]
[WhiteElo "2185"]
[BlackElo "2290"]
[PlyCount "52"]
[EventDate "1997.03.22"]
[Source "J.Saunders"]
[SourceDate "1998.06.06"]

1. Nc3 c5 2. Nf3 Nc6 3. d4 cxd4 4. Nxd4 g6 5. g3 Bg7 6. Nb3 Nf6 7. Bg2 O-O 8.
O-O d6 9. h3 Be6 10. Kh2 Rc8 11. e4 Bc4 12. Re1 Nd7 13. Be3 b5 14. Nd4 b4 15.
Nce2 Nxd4 16. Bxd4 Bxd4 17. Qxd4 Qb6 18. a3 Qb5 19. Bf1 Ne5 20. Kg2 Nc6 21. Qe3
Qb6 22. Qxb6 axb6 23. Rec1 f5 24. exf5 Rxf5 25. axb4 Nxb4 26. Nd4 Bxf1+ 1/2-1/2

[Event "NCL967 SW Dragons-Slough"]
[Site "Rd9"]
[Date "1997.03.22"]
[Round "9.7"]
[White "Houska, Miroslav"]
[Black "Thornton, John"]
[Result "1-0"]
[WhiteElo "2265"]
[BlackElo "2110"]
[PlyCount "70"]
[EventDate "1997.03.22"]
[Source "J.Saunders"]
[SourceDate "1998.06.06"]

1. e4 e6 2. Nc3 d5 3. d4 Bb4 4. a3 Bxc3+ 5. bxc3 dxe4 6. Qg4 Nf6 7. Qxg7 Rg8 8.
Qh6 Nbd7 9. g3 b6 10. Bg2 Bb7 11. a4 c5 12. Ne2 Rc8 13. O-O Rg6 14. Qd2 Qc7 15.
Ba3 Nh5 16. dxc5 bxc5 17. Qe3 Ne5 18. Rfb1 Nf3+ 19. Kh1 Nf6 20. h3 Nd5 21. Qxe4
Nd2 22. Rxb7 Qxb7 23. Qd3 Nb1 24. c4 Nxa3 25. Qxa3 Qa6 26. Qb3 Nb6 27. a5 Nd7
28. Nc3 Rb8 29. Nb5 Ke7 30. Qc3 Qc8 31. Nxa7 Qg8 32. Nc6+ Kd6 33. Rd1+ Kc7 34.
Qd3 Ne5 35. Qd6+ Kb7 1-0

[Event "NCL967 SW Dragons-Slough"]
[Site "Rd9"]
[Date "1997.03.22"]
[Round "9.8"]
[White "Richmond, Jane"]
[Black "Hennigan, Rita"]
[Result "1/2-1/2"]
[WhiteElo "2180"]
[BlackElo "2225"]
[PlyCount "87"]
[EventDate "1997.03.22"]
[Source "J.Saunders"]
[SourceDate "1998.06.06"]

1. e4 c5 2. Nf3 d6 3. c3 Nf6 4. Be2 g6 5. O-O Bg7 6. Re1 O-O 7. Bf1 Bg4 8. h3
Bxf3 9. Qxf3 Nc6 10. Na3 a6 11. Nc2 Nd7 12. d3 b5 13. Ne3 b4 14. Bd2 a5 15. a3
bxc3 16. bxc3 a4 17. Reb1 Na5 18. Ra2 Nb3 19. Be1 Rb8 20. Rab2 e6 21. Qg3 Nb6
22. Be2 Qe7 23. Bd1 c4 24. dxc4 Nd7 25. Bxb3 axb3 26. Rxb3 Rxb3 27. Rxb3 Nc5
28. Rb1 Nxe4 29. Qf3 f5 30. Nc2 Qa7 31. Qe3 Qxe3 32. Nxe3 Nxc3 33. Rb7 Ne4 34.
Re7 Bd4 35. Kf1 Rc8 36. Ke2 Bxe3 37. Kxe3 Rxc4 38. f3 Nc5 39. Bb4 e5 40. Rc7
f4+ 41. Ke2 Rc2+ 42. Kf1 Rc1+ 43. Ke2 Rc2+ 44. Kf1 1/2-1/2

[Event "NCL967 Croydon-Northumbria"]
[Site "Rd10"]
[Date "1997.??.??"]
[Round "10.2"]
[White "Dunworth, Chris"]
[Black "Shaw, John"]
[Result "1/2-1/2"]
[WhiteElo "2340"]
[BlackElo "2335"]
[PlyCount "66"]
[EventDate "1997.03.23"]
[Source "J.Saunders"]
[SourceDate "1998.06.06"]

1. d4 d5 2. c4 dxc4 3. e3 e5 4. Bxc4 exd4 5. exd4 Bd6 6. Nc3 Nf6 7. Nf3 O-O 8.
O-O Nc6 9. h3 h6 10. a3 Bf5 11. Re1 a6 12. b4 Re8 13. Be3 Qd7 14. Rc1 Re7 15.
Qb3 Rae8 16. Nd5 Nxd5 17. Bxd5 Be4 18. Bxe4 Rxe4 19. d5 Ne7 20. Red1 Nf5 21.
Bc5 Bf4 22. Rb1 Rd8 23. Qd3 Rde8 24. b5 axb5 25. Rxb5 Nh4 26. Rbb1 Nxf3+ 27.
Qxf3 Qxd5 28. Be3 Qg5 29. Bxf4 Qxf4 30. Qxf4 Rxf4 31. Rxb7 Re2 32. f3 Rc4 33.
Rb4 Rxb4 1/2-1/2

[Event "NCL967 Croydon-Northumbria"]
[Site "Rd10"]
[Date "1997.??.??"]
[Round "10.3"]
[White "Ledger, Andrew"]
[Black "Harley, Andrew"]
[Result "0-1"]
[WhiteElo "2415"]
[BlackElo "2265"]
[PlyCount "80"]
[EventDate "1997.03.23"]
[Source "J.Saunders"]
[SourceDate "1998.06.06"]

1. e4 e6 2. Nc3 d5 3. Nf3 Nf6 4. e5 Nfd7 5. d4 c5 6. dxc5 Nc6 7. Bf4 Bxc5 8.
Bd3 f6 9. exf6 Nxf6 10. O-O O-O 11. Ne5 Qe8 12. Nxc6 Qxc6 13. Be5 Bd7 14. Qf3
Rae8 15. Qh3 Re7 16. Rae1 Be8 17. a3 Qb6 18. Re2 h6 19. Qh4 a6 20. Rfe1 Qd8 21.
h3 Nh5 22. Qg4 Nf6 23. Qg3 Nh5 24. Qg4 Nf6 25. Qh4 Nh5 26. b4 Bb6 27. Rd2 g5
28. Qg4 Nf4 29. Bf1 Bh5 30. Qg3 Ref7 31. Na4 Bc7 32. Nc5 Bxe5 33. Rxe5 Qf6 34.
Qe3 Re7 35. g3 b6 36. gxf4 gxf4 37. Qd4 bxc5 38. bxc5 Rg7+ 39. Kh2 Qg6 40. f3
Qg3+ 0-1

[Event "NCL967 Croydon-Northumbria"]
[Site "Rd10"]
[Date "1997.??.??"]
[Round "10.4"]
[White "Moore, Gerald"]
[Black "Wall, Tim"]
[Result "0-1"]
[WhiteElo "2215"]
[BlackElo "2320"]
[PlyCount "80"]
[EventDate "1997.03.23"]
[Source "J.Saunders"]
[SourceDate "1998.06.06"]

1. Nf3 d5 2. c4 c6 3. d4 Nf6 4. Nc3 a6 5. c5 Bf5 6. Bf4 Nbd7 7. h3 h6 8. g4 Be4
9. Bg2 e6 10. Qd2 Be7 11. b4 O-O 12. O-O Bh7 13. Qe3 Ne4 14. Nxe4 Bxe4 15. Nd2
Bxg2 16. Kxg2 Re8 17. Qg3 Bh4 18. Qc3 Bg5 19. Bd6 Bxd2 20. Qxd2 Nb6 21. Bg3 Nc4
22. Qd3 Qf6 23. Rac1 a5 24. a3 axb4 25. axb4 Ra3 26. Rc3 Rea8 27. e3 Rxc3 28.
Qxc3 Ra3 29. Qc1 Qg6 30. Qb1 Qf6 31. Rd1 h5 32. gxh5 Qg5 33. Rd3 Qf5 34. Rb3
Rxb3 35. Qxb3 Nd2 36. Qb2 Qf3+ 37. Kg1 Qd1+ 38. Kh2 Nf3+ 39. Kg2 Ne1+ 40. Kh2
Qf3 0-1

[Event "NCL967 Croydon-Northumbria"]
[Site "Rd10"]
[Date "1997.??.??"]
[Round "10.5"]
[White "Timmermans, Ivo"]
[Black "Gunter, David"]
[Result "1-0"]
[WhiteElo "2275"]
[BlackElo "2155"]
[PlyCount "51"]
[EventDate "1997.03.23"]
[Source "J.Saunders"]
[SourceDate "1998.06.06"]

1. e4 e6 2. d4 d5 3. Nc3 Nf6 4. e5 Nfd7 5. f4 c5 6. Nf3 Nc6 7. Be3 Qb6 8. Na4
Qa5+ 9. c3 cxd4 10. b4 Nxb4 11. cxb4 Bxb4+ 12. Bd2 Bxd2+ 13. Nxd2 g5 14. Rb1
gxf4 15. Bb5 Kf8 16. O-O Nxe5 17. Rxf4 a6 18. Qh5 Ng6 19. Qh6+ Kg8 20. Be8 Nxf4
21. Qxf4 f5 22. Qg5+ Kf8 23. Qf6+ Kxe8 24. Qxh8+ Ke7 25. Qg7+ Kd6 26. Rb6+ 1-0

[Event "NCL967 Croydon-Northumbria"]
[Site "Rd10"]
[Date "1997.??.??"]
[Round "10.6"]
[White "McGrath, James"]
[Black "Ledger, David"]
[Result "1/2-1/2"]
[WhiteElo "2088"]
[BlackElo "2235"]
[PlyCount "65"]
[EventDate "1997.03.23"]
[Source "J.Saunders"]
[SourceDate "1998.06.06"]

1. c4 Nf6 2. Nc3 g6 3. Nf3 Bg7 4. g3 O-O 5. Bg2 d6 6. d4 c6 7. O-O Qa5 8. Rb1
Bf5 9. b4 Qa6 10. b5 Qa5 11. Rb3 Ne4 12. Ra3 Nxc3 13. Rxa5 Nxd1 14. Rxd1 Bc2
15. Rd2 Be4 16. Bh3 Bf5 17. Bxf5 gxf5 18. bxc6 Nxc6 19. Rxf5 a6 20. e4 Rac8 21.
Bb2 Bh6 22. Rd1 Rfd8 23. c5 dxc5 24. Rxc5 Nb4 25. Rxc8 Rxc8 26. Ba3 a5 27. Bxb4
axb4 28. Rb1 Rc4 29. Rb2 Bg7 30. e5 e6 31. Kf1 Bh6 32. Ke1 Kf8 33. Nd2 1/2-1/2

[Event "NCL967 Croydon-Northumbria"]
[Site "Rd10"]
[Date "1997.??.??"]
[Round "10.7"]
[White "Nelson, Jonathan"]
[Black "Coathup, Roger"]
[Result "1-0"]
[WhiteElo "2250"]
[BlackElo "2110"]
[PlyCount "91"]
[EventDate "1997.03.23"]
[Source "J.Saunders"]
[SourceDate "1998.06.06"]

1. e4 c5 2. d3 d5 3. Nd2 Nc6 4. Ngf3 e6 5. g3 g6 6. Bg2 Bg7 7. O-O Nge7 8. Re1
O-O 9. h4 h6 10. c3 Qc7 11. exd5 exd5 12. Nb3 d4 13. Bf4 Qd8 14. cxd4 cxd4 15.
Qd2 Kh7 16. Rac1 Nd5 17. Ne5 Nxf4 18. Nxc6 Qd6 19. Qxf4 Qxf4 20. gxf4 bxc6 21.
Be4 Be6 22. Nc5 Bd5 23. Bxd5 cxd5 24. Re7 Kg8 25. Rd7 Rfd8 26. b4 Bf6 27. Rxd8+
Rxd8 28. Nb3 Rb8 29. a3 Rb7 30. Rc6 Bxh4 31. Nxd4 Be7 32. f5 Kg7 33. fxg6 fxg6
34. Ne6+ Kf7 35. Nf4 a5 36. bxa5 Bxa3 37. Nxg6 Bb4 38. Ne5+ Kg7 39. Rb6 Rxb6
40. axb6 Kf6 41. b7 Bd6 42. Nd7+ Kf5 43. b8=Q Bxb8 44. Nxb8 Ke5 45. Nc6+ Kd6
46. Nd4 1-0

[Event "NCL967 Croydon-Northumbria"]
[Site "Rd10"]
[Date "1997.??.??"]
[Round "10.8"]
[White "Turvey, Syringa"]
[Black "Bhatia, Kanwal"]
[Result "0-1"]
[WhiteElo "1624"]
[BlackElo "2025"]
[PlyCount "64"]
[EventDate "1997.03.23"]
[Source "J.Saunders"]
[SourceDate "1998.06.06"]

1. e4 e5 2. f4 d5 3. exd5 c6 4. Nc3 exf4 5. Nf3 Bd6 6. Bc4 Ne7 7. O-O O-O 8. d4
Bg4 9. h3 Bh5 10. dxc6 Nbxc6 11. Ne2 Qc7 12. c3 Nxd4 13. Bxf7+ Rxf7 14. cxd4
Bg6 15. Qb3 Kh8 16. Ne5 Bxe5 17. dxe5 Qc5+ 18. Kh2 Qxe5 19. Nxf4 Raf8 20. Qg3
Be4 21. Bd2 Qb5 22. Bc3 Nf5 23. Qf2 Qc6 24. Rac1 Qh6 25. Rce1 Nd6 26. g3 Bc6
27. Re6 Rxf4 28. Bxg7+ Qxg7 29. gxf4 Ne4 30. Qe3 Qxb2+ 31. Kh1 Ng3+ 32. Kg1
Qg2# 0-1

[Event "NCL967 Slough-Wood Green"]
[Site "Rd10"]
[Date "1997.??.??"]
[Round "10.1"]
[White "Littlewood, Paul"]
[Black "Adams, Michael"]
[Result "1/2-1/2"]
[WhiteElo "2440"]
[BlackElo "2685"]
[PlyCount "84"]
[EventDate "1997.03.23"]
[Source "J.Saunders"]
[SourceDate "1998.06.06"]

1. d4 Nf6 2. Nf3 e6 3. Bg5 h6 4. Bxf6 Qxf6 5. e4 d6 6. Nc3 Nd7 7. Qd2 a6 8. a4
g5 9. h3 Bg7 10. Rd1 b6 11. Bd3 Bb7 12. Ne2 Qe7 13. c3 Rg8 14. Ng3 Bf8 15. Qe2
Nf6 16. Nh2 Rh8 17. Ng4 Nd7 18. Nh5 f5 19. exf5 exf5 20. Bxf5 Bxg2 21. Rh2
Qxe2+ 22. Kxe2 Bc6 23. b3 d5 24. Bg6+ Kd8 25. Ne5 Nxe5 26. dxe5 Ke7 27. f4 gxf4
28. Nxf4 Rg8 29. Rf2 Bg7 30. Bh7 Rge8 31. Nxd5+ Bxd5 32. Rxd5 Rad8 33. Rxd8
Kxd8 34. c4 Rxe5+ 35. Kd3 Rh5 36. Rf3 a5 37. Be4 Be5 38. Bf5 Rg5 39. Ke4 Bd6
40. Kd5 Ke7 41. Ke4 Rg1 42. Bg4 Rg3 1/2-1/2

[Event "NCL967 Slough-Wood Green"]
[Site "Rd10"]
[Date "1997.??.??"]
[Round "10.2"]
[White "Hodgson, Julian"]
[Black "Emms, John"]
[Result "1-0"]
[WhiteElo "2550"]
[BlackElo "2500"]
[PlyCount "71"]
[EventDate "1997.03.23"]
[Source "J.Saunders"]
[SourceDate "1998.06.06"]

1. d4 d5 2. Bg5 h6 3. Bh4 c6 4. Nf3 Bg4 5. Ne5 Bf5 6. c4 Bxb1 7. Rxb1 Nf6 8. e3
e6 9. b4 Be7 10. Bd3 O-O 11. O-O Nbd7 12. f4 Nxe5 13. fxe5 Nd7 14. Bg3 Bg5 15.
Rf3 dxc4 16. Bxc4 Nb6 17. Bb3 Nd5 18. Qd3 Nxb4 19. Qe4 Qd7 20. a3 Nd5 21. Bc2
g6 22. h4 Bd8 23. Rbf1 h5 24. Be1 Bb6 25. Kh2 c5 26. g4 hxg4 27. Qxg4 cxd4 28.
Bxg6 fxg6 29. Qxg6+ Qg7 30. Qxe6+ Kh8 31. Qxd5 Rxf3 32. Rxf3 Rd8 33. Qe6 Rf8
34. Rg3 Qh7 35. Rg6 dxe3 36. Rh6 1-0

[Event "NCL967 Slough-Wood Green"]
[Site "Rd10"]
[Date "1997.??.??"]
[Round "10.3"]
[White "Arakhamia, Ketevan"]
[Black "Lalic, Bogdan"]
[Result "1/2-1/2"]
[WhiteElo "2455"]
[BlackElo "2565"]
[PlyCount "30"]
[EventDate "1997.03.23"]
[Source "J.Saunders"]
[SourceDate "1998.06.06"]

1. e4 Nf6 2. e5 Nd5 3. d4 d6 4. Nf3 dxe5 5. Nxe5 g6 6. Bc4 c6 7. Nc3 Be6 8. Ne4
Nc7 9. Bb3 Bg7 10. O-O O-O 11. Be3 Bxb3 12. axb3 Nd7 13. Nxd7 Qxd7 14. Qd2 Ne6
15. Rfd1 Rfd8 1/2-1/2

[Event "NCL967 Slough-Wood Green"]
[Site "Rd10"]
[Date "1997.??.??"]
[Round "10.4"]
[White "Miles, Anthony"]
[Black "Sowray, Peter"]
[Result "1/2-1/2"]
[WhiteElo "2630"]
[BlackElo "2350"]
[PlyCount "91"]
[EventDate "1997.03.23"]
[Source "J.Saunders"]
[SourceDate "1998.06.06"]

1. d4 Nf6 2. Nf3 d5 3. c4 e6 4. e3 Be7 5. Nbd2 O-O 6. b3 b6 7. Bb2 Bb7 8. Bd3
Nbd7 9. O-O Ne4 10. Rc1 Bd6 11. cxd5 exd5 12. Ne5 Nxd2 13. Qxd2 Nf6 14. Qe2 Qe7
15. Rc2 c5 16. Nf3 Ne4 17. Ba6 Rad8 18. Bxb7 Qxb7 19. Rd1 Rfe8 20. Nd2 Qe7 21.
dxc5 bxc5 22. Qg4 Nf6 23. Bxf6 Qxf6 24. g3 Bf8 25. Qf3 Qg6 26. Rcc1 Qa6 27. e4
dxe4 28. Nxe4 Rxd1+ 29. Rxd1 c4 30. Nc3 cxb3 31. axb3 Qe6 32. Nd5 Rc8 33. Kg2
Rc2 34. Ne3 Rc3 35. Rd8 Rc8 36. Rxc8 Qxc8 37. Qd5 Qe6 38. Qb7 h5 39. Qd5 Qxd5+
40. Nxd5 Bd6 41. Kf3 h4 42. Ke4 Bc5 43. Ne3 hxg3 44. hxg3 Kf8 45. Kd5 Bb6 46.
g4 1/2-1/2

[Event "NCL967 Slough-Wood Green"]
[Site "Rd10"]
[Date "1997.??.??"]
[Round "10.6"]
[White "Hennigan, Michael"]
[Black "Grant, Jonathan"]
[Result "0-1"]
[WhiteElo "2450"]
[BlackElo "2275"]
[PlyCount "82"]
[EventDate "1997.03.23"]
[Source "J.Saunders"]
[SourceDate "1998.06.06"]

1. e4 c6 2. d4 d5 3. e5 Bf5 4. Nf3 e6 5. Be2 c5 6. O-O Nc6 7. c3 cxd4 8. cxd4
Nge7 9. Nc3 Nc8 10. Bg5 Be7 11. Bxe7 Qxe7 12. Na4 O-O 13. Rc1 Bg4 14. Nc5 Nb6
15. h3 Bxf3 16. Bxf3 Rfc8 17. Re1 Rc7 18. Nxb7 Nxd4 19. Qxd4 Rxc1 20. Rxc1 Qxb7
21. Be2 Rc8 22. Rc3 g6 23. b3 Rxc3 24. Qxc3 Nd7 25. b4 Nb6 26. Qc5 Na4 27. Qa5
Nc3 28. Bd3 Qb8 29. b5 d4 30. f4 Nd5 31. g3 Qc8 32. Qd2 Qc3 33. Qxc3 dxc3 34.
Kf2 Nb4 35. Ke2 Nxa2 36. Be4 Nb4 37. g4 h5 38. Kd1 Kf8 39. Ke2 Ke7 40. Bf3 c2
41. Kd2 Nd3 0-1

[Event "NCL967 Slough-Wood Green"]
[Site "Rd10"]
[Date "1997.??.??"]
[Round "10.7"]
[White "Jackson, Sheila"]
[Black "Webb, Richard"]
[Result "0-1"]
[WhiteElo "2150"]
[BlackElo "2290"]
[PlyCount "66"]
[EventDate "1997.03.23"]
[Source "J.Saunders"]
[SourceDate "1998.06.06"]

1. e4 c5 2. c3 e5 3. Nf3 Nc6 4. Bc4 Be7 5. O-O Nf6 6. d3 O-O 7. Bg5 d6 8. a4 h6
9. Bxf6 Bxf6 10. Nbd2 Be6 11. Bd5 Bxd5 12. exd5 Ne7 13. Qb3 Rb8 14. Ne4 Ng6 15.
Rfe1 Re8 16. Rad1 Be7 17. Ng3 Qd7 18. h3 Nf4 19. Ne2 Ng6 20. Ng3 b5 21. a5 Nf4
22. Nf1 Nxd3 23. Re2 c4 24. Qc2 f5 25. b4 Bf6 26. Ng3 e4 27. Nd2 Re5 28. Ndf1
Rbe8 29. Nh5 Qf7 30. Nxf6+ Qxf6 31. Ne3 h5 32. Qa2 f4 33. Nc2 f3 0-1

[Event "NCL967 Na Fianna-Wessex"]
[Site "Rd10"]
[Date "1997.??.??"]
[Round "10.1"]
[White "Berry, Steve"]
[Black "Neil, David"]
[Result "1-0"]
[WhiteElo "2315"]
[BlackElo "2295"]
[PlyCount "76"]
[EventDate "1997.03.23"]
[Source "J.Saunders"]
[SourceDate "1998.06.06"]

1. e4 e5 2. Nc3 Bc5 3. g3 Nc6 4. Bg2 a6 5. Nge2 d6 6. O-O Be6 7. Nd5 Nd4 8.
Nxd4 Bxd4 9. c3 Ba7 10. d4 c6 11. Ne3 Ne7 12. Kh1 O-O 13. dxe5 dxe5 14. Qe2 Qc7
15. b3 Rfd8 16. Ba3 Rd7 17. Rad1 Rad8 18. h4 f6 19. Kh2 Nc8 20. Bf3 Kf7 21. Bg4
Bxg4 22. Nxg4 Rxd1 23. Rxd1 Rxd1 24. Qxd1 h5 25. Ne3 g6 26. Qd3 Kg7 27. Kg2 Bb6
28. Nc4 Qd8 29. Qf3 Qd7 30. Nxb6 Nxb6 31. Qe3 Nc8 32. Bc1 Ne7 33. Qh6+ Kf7 34.
Qh7+ Ke6 35. Ba3 g5 36. hxg5 fxg5 37. Qxh5 Kf6 38. Qh8+ Ke6 1-0

[Event "NCL967 Na Fianna-Wessex"]
[Site "Rd10"]
[Date "1997.??.??"]
[Round "10.2"]
[White "Poulton, James"]
[Black "O'Shaughnessy, Conor"]
[Result "1-0"]
[WhiteElo "2360"]
[BlackElo "2260"]
[PlyCount "64"]
[EventDate "1997.03.23"]
[Source "J.Saunders"]
[SourceDate "1998.06.06"]

1. d4 Nf6 2. Nf3 e6 3. c4 c5 4. d5 d6 5. Nc3 g6 6. dxe6 fxe6 7. Bg5 h6 8. Bh4
Nc6 9. Qd3 Kf7 10. Rd1 Be7 11. e3 g5 12. Bg3 e5 13. Nd2 Be6 14. Nde4 Qb6 15.
Be2 Rad8 16. O-O Rd7 17. f4 exf4 18. exf4 gxf4 19. Bxf4 Ne5 20. Bxe5 dxe5 21.
Bh5+ Kf8 22. Qf3 Rxd1 23. Nxd1 Bxc4 24. Nxf6 Qxf6 25. Qxf6+ Bxf6 26. Rxf6+ Ke7
27. Rg6 Bxa2 28. Rg7+ Kf6 29. Rxb7 Rd8 30. Rxa7 Bb3 31. Nc3 Kg5 32. Be2 Rb8 1-0

[Event "NCL967 Na Fianna-Wessex"]
[Site "Rd10"]
[Date "1997.??.??"]
[Round "10.3"]
[White "McMichael, Rick"]
[Black "Rossiter, Philip"]
[Result "0-1"]
[WhiteElo "2200"]
[BlackElo "2370"]
[PlyCount "80"]
[EventDate "1997.03.23"]
[Source "J.Saunders"]
[SourceDate "1998.06.06"]

1. b3 d5 2. e3 Nf6 3. Bb2 g6 4. f4 Bg7 5. Nf3 O-O 6. Be2 c5 7. O-O Nc6 8. Qe1
d4 9. Na3 Nd5 10. Bc4 a6 11. Bxd5 Qxd5 12. Nc4 Rb8 13. Qh4 b5 14. Nce5 Bb7 15.
e4 Qd6 16. Ng4 f6 17. Rae1 Nb4 18. f5 g5 19. Qh5 Nxc2 20. h4 Nxe1 21. Rxe1 gxh4
22. Qxh4 e5 23. Kf2 Rf7 24. Rh1 Bxe4 25. Qxh7+ Kf8 26. Nh4 Ke8 27. Rf1 Bd5 28.
Ng6 Kd7 29. d3 c4 30. Kg1 cxd3 31. Rd1 Rc8 32. Qh3 Rc2 33. Bc1 Rxg2+ 34. Qxg2
Bxg2 35. Kxg2 Qc6+ 36. Kg3 Qc2 37. Nf2 d2 38. Bxd2 Qxf5 39. Nh4 Qe6 40. Ne4 Bf8
0-1

[Event "NCL967 Na Fianna-Wessex"]
[Site "Rd10"]
[Date "1997.??.??"]
[Round "10.4"]
[White "Corkett, Anthony"]
[Black "Mackenzie, Colin"]
[Result "1-0"]
[WhiteElo "2285"]
[BlackElo "2096"]
[PlyCount "119"]
[EventDate "1997.03.23"]
[Source "J.Saunders"]
[SourceDate "1998.06.06"]

1. Nc3 e6 2. f4 d5 3. Nf3 Nf6 4. e3 c5 5. Ne2 Nc6 6. Ng3 Qb6 7. Be2 h5 8. d3 g6
9. c3 Bd6 10. a3 c4 11. dxc4 h4 12. Nf1 Na5 13. c5 Bxc5 14. b4 Be7 15. bxa5
Qxa5 16. Qb3 Bd7 17. a4 O-O 18. Ne5 Rfc8 19. Bb2 a6 20. Nd2 Be8 21. Nd3 Ne4 22.
Nxe4 dxe4 23. Nb4 Qb6 24. a5 Qxe3 25. Nc2 Qxf4 26. c4 Rd8 27. Qc3 Qh6 28. O-O
Bf8 29. Rad1 Ba4 30. Qf6 Bc5+ 31. Kh1 Rf8 32. Rf4 Be7 33. Qxe7 Qxf4 34. Rf1 Qh6
35. Nd4 Rae8 36. Qf6 e5 37. Nf5 Qh7 38. Ne7+ Rxe7 39. Qxe7 f6 40. c5 Qg7 41.
Bc4+ Kh7 42. Qd6 Bc6 43. Bxe5 h3 44. Rxf6 Rxf6 45. Bxf6 Qd7 46. Qxd7+ Bxd7 47.
Bd5 Bc6 48. Bxc6 bxc6 49. gxh3 Kg8 50. Bd4 Kf7 51. Kg2 Ke6 52. Kg3 Kd5 53. Be3
Kc4 54. h4 Kb4 55. Kf4 Kxa5 56. Kxe4 Kb4 57. Ke5 Kc3 58. Kd6 a5 59. Kxc6 a4 60.
Kd5 1-0

[Event "NCL967 Na Fianna-Wessex"]
[Site "Rd10"]
[Date "1997.??.??"]
[Round "10.5"]
[White "Pearce, Robin"]
[Black "Yeo, Michael"]
[Result "0-1"]
[WhiteElo "2080"]
[BlackElo "2205"]
[PlyCount "56"]
[EventDate "1997.03.23"]
[Source "J.Saunders"]
[SourceDate "1998.06.06"]

1. Nf3 Nc6 2. d4 d5 3. Bg5 f6 4. Bh4 Nh6 5. e3 Nf5 6. c4 e5 7. dxe5 d4 8. exd4
Nxh4 9. Nxh4 Qxd4 10. Qxd4 Nxd4 11. Bd3 g5 12. Nf3 Nxf3+ 13. gxf3 fxe5 14. Nd2
Bh3 15. Rg1 O-O-O 16. Ke2 h6 17. Rad1 Bc5 18. Ne4 Bd4 19. b3 Rdf8 20. Rg3 Be6
21. Bc2 Rf4 22. Bb1 Rhf8 23. Rf1 Rh4 24. Rh1 Bf7 25. Nd2 Bh5 26. Be4 g4 27. h3
gxf3+ 28. Bxf3 Rxf3 0-1